Word Ladder: Pink Floyd Albums Quiz Stats

 Plays Quiz Updated Dec 23, 2012

Support Sporcle.
Go Orange.
Score 0/27 Timer 02:00
0 Plays Today
Hint Word % Correct
♬ Unlit ♬♬ DARK ♬
85.9%
♬ Drummer Keith ♬♬ MOON ♬
85.8%
Clenched handFIST
84.3%
MisplacedLOST
84%
Roster, e.g.LIST
80%
♬ Desire ♬♬ WISH ♬
80%
Copper strandWIRE
79.9%
Had onWORE
79.1%
BroadWIDE
78.6%
Marlin or grouperFISH
78.6%
Oak or pineWOOD
77.2%
♬ Aspect of ♬♬ SIDE ♬
72.9%
Frame of mindMOOD
71.5%
Kind of ladder?WORD
67.6%
Hint Word % Correct
Challenge, perhapsDARE
65.9%
♬ At this place ♬♬ HERE ♬
62.7%
Crazed duck relative?LOON
60.4%
♬ Plural past tense of 'to be' ♬♬ WERE ♬
59.9%
SwagLOOT
57.4%
FatherSIRE
54.3%
HazardousDIRE
53%
Peddler's stockWARE
49.3%
StingerWASP
40.6%
Swamp ghostWISP
37.8%
Irish symbolHARP
24.5%
Lock partHASP
24.2%
Coney island namesakeHARE
23.5%

Today's Daily Dose

You're not logged in!

Compare scores with friends on all Sporcle quizzes.
OR
Log In

From the Vault

Top 100 Bands (1970)

by Alex951998

Vietnam, Nixon, Patton... yes, the 70s had begun.
Remove Ads.
Support Sporcle.
Get the best of Sporcle when you Go Orange. This ad-free experience offers more features, more stats, and more fun while also helping to support Sporcle. Thank you for becoming a member.

Show Comments

Extras

Top Quizzes Today


Score Distribution

Your Account Isn't Verified!

In order to create a playlist on Sporcle, you need to verify the email address you used during registration. Go to your Sporcle Settings to finish the process.

Report this User

Report this user for behavior that violates our Community Guidelines.

Details: